Science Quiz

Random Science Quiz

ICM Video Practicum Skill Buzzwords Quiz Stats

 Plays Quiz not verified by Sporcle

Also try: Simple Machines
Challenge
Share
Tweet
Embed
Score 0/29 Timer 10:00
0 Plays Today
Example Skill % Correct
'What brings you in today?' (+)Starts with open-ended questions
71.1%
Looks at patient during interviewMaintains good eye contact
66.3%
White coat onDresses professionally and appropriately
57.4%
'You're not in any pain are you?' (-)Does NOT ask presumptive or leading questions
56.8%
'Hi my name is < >, I'm a medical student, I'll be taking some notes on why you are in today, this will take about 5 mins'Introduces self, explains role, negotiates agenda
55.8%
Okay to be quiet to let patient talk or if emotionally distressedUses silence appropriately
54.7%
'So we discussed your medications, now let's talk about...'Provides clear transitions
54.2%
'You said it hurts where the 'sun don't shine', what did you mean by that?'Asks patient for clarification if necessary
53.7%
'You've been doing great, let's try to work together to get this HbA1C even lower'Offers partnership, support, encouragement, praise
53.7%
Mr./Mrs or Asks patient what they would like to be calledCalls patient by preferred name
51.6%
Uses interprettor, Talks to pediatric patient or parentIncludes patient in interview
47.9%
'So you told me that you are allergic to shellfish and you break out in hives.'Offers segment summary
47.4%
A form of professional greetingShakes hands entering, leaving
45.8%
Attentive to patient when they are talkingListens carefully
44.7%
'I spoke with Dr. McNett and we believe Tiny Tim has ricketts a condition that affects his bones'Explains diagnosis
43.2%
Example Skill % Correct
HPI -> PMH -> Rx > Allergies -> Fam Hx ect.Uses logical sequencing of questions
40.5%
'Is there anything we didn't cover that you had concerns about today?'Solicits questions
40%
'Does it hurt when you tilt your head down like this?' (+)Progresses with closed-ended
39.5%
No mean mug / No rude voiceMaintains appropriate facial expression and tone of voice
38.4%
'That must be difficult for you to deal with' (+)Reflects or legitimizes patient’s feelings or concerns
36.3%
Pt: 'I was working and I...' Dr.: 'You said you started feeling this when?' (-)Does NOT interrupt patient
35.3%
Positioning during pt interview / Open demeanor / No arms behind head and feet on tableSits down, maintains appropriate body language
35.3%
'Your patella is translocated laterally due to hypertrophy of the IT band' (-)Avoids using jargon explains medical terms used
31.1%
'Based on the exam we noticed Tiny Tim's legs are not growing properly. We would like to prescribe Tiny Tim vitamin D for ricketts to help his bones form better. 'Explains evaluation or management plan and reasons for recommendations
28.9%
'I've printed off some information on ricketts that you can read about and instructions on how to take the medication, let me know if you have any question'Uses visual & written reinforcement
28.4%
'I would like to see you back in one weeks in order to see if that antibiotic is working, if not we will need to change the dose or the medication'Discusses follow-up and outlines reasons
27.4%
'Accutane needs to be used with care. To make sure I know you understand how to use this rx appropriately, can you tell me some of the risks that I mentioned related to this rx?'Checks understanding of patient, family
26.8%
'If you would like, we have a social worker that can talk to you about some ways to save some money on this medication since it is not covered by your INS'Identifies additional resources if appropriate
23.2%
'Since Tiny Tim will be in a wheelchair for the time being, are you able to assist him and is your home accessible for wheel-chair use?Assesses patient’s, family’s willingness and ability to follow recommendations
16.8%

You're not logged in!

Compare scores with friends on all Sporcle quizzes.
Join for Free
OR
Log In

You Might Also Like...

Show Comments

Extras

Created Feb 18, 2016ReportNominate
Tags:buzzard, skill, video

Top Quizzes Today


Score Distribution

Your Account Isn't Verified!

In order to create a playlist on Sporcle, you need to verify the email address you used during registration. Go to your Sporcle Settings to finish the process.

Report this User

Report this user for behavior that violates our Community Guidelines.

Details: